Harry potter and the sorcerers stone Quiz Stats

Quiz not verified by Sporcle

Challenge
Share
Tweet
Embed
Score 0/15 Timer 02:00
0 Plays Today
Hint Answer % Correct
Who's is Harry's least favorite teacher?Snape
97.1%
Who wrote Harry potter and the sorcerers stone?Jk Rowling
97.1%
Who is the headmaster?Dumbledore
97.1%
Who is ' he who must be named'?Voldemort
97.1%
Who did Harry and Ron meet on the Hogwarts Express?Hermione
97.1%
Who was Harry's uncles first name?Vernon
91.2%
What Hogwarts teacher is helping Voldemort?Quirrell
88.2%
Who is the bully?Draco
82.4%
Hint Answer % Correct
Who can turn into a cat?McGonagall
82.4%
Who has a pet frog?Neville
82.4%
What sport is Harry really good at?Quidditch
82.4%
What is Harry's pets name?Hedwig
79.4%
What is Ron's rats name?Scabbers
79.4%
Who was Harry's first friend?Ron weasley
70.6%
What platform do you get on to ride the Hogwarts Express?9 and 3 quarters
20.6%

You're not logged in!

Compare scores with friends on all Sporcle quizzes.
Sign Up with Email
OR
Log In

You Might Also Like...

Show Comments

Extras

Top Quizzes Today


Score Distribution

Your Account Isn't Verified!

In order to create a playlist on Sporcle, you need to verify the email address you used during registration. Go to your Sporcle Settings to finish the process.

Report this User

Report this user for behavior that violates our Community Guidelines.

Details: